• 首页
  • 本馆介绍
  • 公告通知
  • 最新文献
  • 馆藏检索
  • 电子资源
  • 读者导购
  • 参考咨询
  • 我的图书馆
  • 登录
  • 详细信息显示
  • 放入我的书架
  • 预约/预借图书
  • 作者相关作品
  • 分类相关作品
  • 丛书相关作品
  • 出版社相关作品

书目信息

  • 表格格式
  • 工作单格式
  • 卡片格式
题名:
郁达夫集
    
 
作者: 郁达夫 著 ;刘婷婷 编著
分册:  
出版信息: 太原   北岳文艺出版社  2016
页数: 305页
开本: 21cm
丛书名: 民国诗风
单 册:
中图分类: I226.7
科图分类:
主题词: 古体诗--gu ti shi--注释--中国--现代
电子资源:
ISBN: 978-7-5378-4825-1
000 00939nam0 22002651 450
001 0127144029
005 20170427144029.0
010    @a978-7-5378-4825-1@dCNY32.00
100    @a20161107d2016 em y0chiy50 ea
101 0  @achi
102    @aCN@b140000
105    @ay z 000gy
106    @ar
200 1  @a郁达夫集@Ayu da fu ji@f郁达夫著@g刘婷婷编著
210    @a太原@c北岳文艺出版社@d2016
215    @a305页@d21cm
225 2  @a民国诗风@Amin guo shi feng@e中国现代作家旧体诗丛@f李遇春主编
330    @a本书收录了郁达夫的部分旧体诗词作品,包括《东渡留别同人,春江第一楼席上作》、《乡思》、《客感》、《日本大森海滨望乡》、《过小金井川看樱,值微雨,醉后做》等。
461  0 @12001 @a民国诗风
606 0  @a古体诗@Agu ti shi@x注释@y中国@z现代
690    @aI226.7@v5
701  0 @a郁达夫@Ayu da fu@f(1896.12~1945.8)@4著
702  0 @a刘婷婷@Aliu ting ting@4编著
801  0 @aCN@bTANGWEI@c20170308
905    @b0966155-8@dI226.7@e96@f4
    
    郁达夫集/郁达夫著/刘婷婷编著.-太原:北岳文艺出版社,2016
    305页;21cm.-(民国诗风:中国现代作家旧体诗丛/李遇春主编)
    
    
    ISBN 978-7-5378-4825-1:CNY32.00
    本书收录了郁达夫的部分旧体诗词作品,包括《东渡留别同人,春江第一楼席上作》、《乡思》、《客感》、《日本大森海滨望乡》、《过小金井川看樱,值微雨,醉后做》等。
●
相关链接 在E读中查询图书 在五车中查询图书 在当当中查询图书 在豆瓣中查询图书


正题名:郁达夫集     索取号:I226.7/96         预约/预借

序号 登录号 条形码 馆藏地/架位号 状态 备注
1 0966155   209661551   第一样本阅览室/ [索取号:I226.7/96] 在馆    
2 0966156   209661560   第二借阅区/ [索取号:I226.7/96] 在馆    
3 0966157   209661579   第二借阅区/ [索取号:I226.7/96] 在馆    
4 0966158   209661588   第二借阅区/ [索取号:I226.7/96] 在馆    
唐山师范学院图书馆 欢迎您!
大连网信软件有限公司© 版权所有